000
00272nam a2200109Ia 4500
008
220204s9999 xx 000 0 und d
082
_a
NR:31(035)1987
_b
HAN
245
0
_a
Handbook of rubber statistics. 1987
250
_a
Ed.2
260
_a
Bombay
_b
AIRIA
_c
1987
942
_c
BK
999
_c
39574
_d
39574